00722nam a2200181 a 450000100100000000500170001000800410002702000150006804000250008311100920010824500610020026000810026130000360034270000300037804900090040895201060041799900170052300004377120201002044948.0110614s1998 dr a 000 0 spa d a9945851993 aDO-SdBNPbspacBNPHU2 aConcurso de arte Eduardo León Jimenesd(1998: 26 de nov.cSanto Domingon17: )97161310aCatálogo de obras 1998 /cCarlos Acero Ruiz...[et.a.]. aSantiago de los Caballeros , República Dominicana :bCentro León,c1998. a62 p. :bil. ; retrs. ;c31 cm.12aAcero Ruiz, Carlos971614 aBNPD 00107-18PDaPDbPDcOId2014-04-28iLF1l0o p43771-10r2020-06-25w2020-06-25yLFPDZNo se presta c43260d43260